000 00315nam a2200109Ia 4500
005 20260328104248.0
008 260328s9999||||xx |||||||||||||| ||und||
100 _aDe la Maza, Francisco
245 0 _aEl Sepulcro de Sor Juana Ines de la Cruz /
_cFrancisco De la Maza
650 _aARQUITECTURA REGIONAL
942 _cBK
999 _c10154
_d10154